|
|
|
|
| LEADER |
02014nam a22004574a 4500 |
| 001 |
EBC3419843 |
| 003 |
MiAaPQ |
| 005 |
20200520144314.0 |
| 006 |
m o d | |
| 007 |
cr cn||||||||| |
| 008 |
020730s2003 ctua sb 000 0 eng |
| 010 |
|
|
|z 2002012135
|
| 020 |
|
|
|z 0300088132 (cloth : alk. paper)
|
| 035 |
|
|
|a (MiAaPQ)EBC3419843
|
| 035 |
|
|
|a (Au-PeEL)EBL3419843
|
| 035 |
|
|
|a (CaPaEBR)ebr10167891
|
| 035 |
|
|
|a (OCoLC)923587744
|
| 040 |
|
|
|a MiAaPQ
|c MiAaPQ
|d MiAaPQ
|
| 043 |
|
|
|a n-us---
|
| 050 |
|
4 |
|a HD1761
|b .F564 2003
|
| 082 |
0 |
4 |
|a 338.1/0973
|2 21
|
| 100 |
1 |
|
|a Fitzgerald, Deborah Kay.
|
| 245 |
1 |
0 |
|a Every farm a factory
|h [electronic resource] :
|b the industrial ideal in American agriculture /
|c Deborah Fitzgerald.
|
| 260 |
|
|
|a New Haven :
|b Yale University Press,
|c c2003.
|
| 300 |
|
|
|a xi, 242 p. :
|b ill.
|
| 490 |
1 |
|
|a Yale agrarian studies series
|
| 504 |
|
|
|a Includes bibliographical references (p. 197-234).
|
| 533 |
|
|
|a Electronic reproduction. Ann Arbor, MI : ProQuest, 2015. Available via World Wide Web. Access may be limited to ProQuest affiliated libraries.
|
| 650 |
|
0 |
|a Agriculture
|x Economic aspects
|z United States
|x History
|y 20th century.
|
| 650 |
|
0 |
|a Family farms
|z United States
|x History
|y 20th century.
|
| 650 |
|
0 |
|a Agricultural credit
|z United States
|x History
|y 20th century.
|
| 650 |
|
0 |
|a Farms, Size of
|x Economic aspects
|z United States
|x History
|y 20th century.
|
| 650 |
|
0 |
|a Farm mechanization
|x Economic aspects
|z United States
|x History
|y 20th century.
|
| 650 |
|
0 |
|a Agriculture
|x Capital investments
|z United States
|x History
|y 20th century.
|
| 650 |
|
0 |
|a Farm mortgages
|z United States
|x History
|y 20th century.
|
| 650 |
|
0 |
|a Business cycles
|z United States
|x History
|y 20th century.
|
| 650 |
|
0 |
|a Farm foreclosures
|z United States
|x History
|y 20th century.
|
| 655 |
|
4 |
|a Electronic books.
|
| 710 |
2 |
|
|a ProQuest (Firm)
|
| 830 |
|
0 |
|a Yale agrarian studies.
|
| 856 |
4 |
0 |
|u https://ebookcentral.proquest.com/lib/matrademy/detail.action?docID=3419843
|z Click to View
|